|
|
|
|
| LEADER |
01985nam a2200325 i 4500 |
| 001 |
GR-MES1355 |
| 003 |
GR-PaULI |
| 005 |
20250328125321.0 |
| 008 |
991111s1978 gr g 000 0 gre d |
| 040 |
|
|
|a GrPaTEI
|b gre
|c GR-PaULI
|e AACR2
|
| 041 |
1 |
|
|a gre
|h fre
|
| 082 |
0 |
4 |
|a 658.314 5
|2 ALB
|
| 100 |
1 |
|
|a Albou, Paul
|9 209128
|e συγγραφέας.
|
| 245 |
1 |
0 |
|a Επιχείρησις και ανθρώπινα προβλήματα /
|c υπό Paul Albou.
|
| 260 |
|
|
|a Αθήναι :
|b Πάμισος,
|c 1978.
|
| 300 |
|
|
|a 2 τ. ;
|c 21 εκ.
|
| 490 |
1 |
|
|a Εγκυκλοπαίδεια της επιχειρήσεως / Πάμισος ;
|v 32, 33
|
| 500 |
|
|
|a τ. 1. 92 σ. -- τ. 2. 126 σ.
|
| 505 |
0 |
|
|a τ. 1. Ανθρώπιναι σχέσεις -- τ. 2. Η εργασιακή ζωή.
|
| 650 |
|
4 |
|a Ψυχολογία, Βιομηχανική
|9 28878
|
| 650 |
|
4 |
|a Κοινωνιολογία, Βιομηχανική
|9 34505
|
| 700 |
1 |
|
|a Τσαραβόπουλος, Νικόλαος
|9 208311
|e μεταφραστής.
|
| 830 |
|
0 |
|a Εγκυκλοπαίδεια της επιχειρήσεως (Πάμισος)
|9 164979
|v 32, 33.
|
| 942 |
|
|
|2 ddc
|c BK
|
| 952 |
|
|
|0 0
|1 0
|2 ddc
|3 τ. 1
|4 0
|6 658_314000000000000_5_ALB
|7 0
|9 265466
|a MSLG
|b MSLG
|c BSC
|d 2021-01-17
|e 24
|f 0
|g 0.00
|i 1479
|l 0
|o 658.314 5 ALB
|p 2420000001479
|r 2021-01-17 00:00:00
|t 2
|w 2021-01-17
|y BK15
|x 19991111 0 1
|x GrPaTEI
|
| 952 |
|
|
|0 0
|1 0
|2 ddc
|3 τ. 1
|4 0
|6 658_314000000000000_5_ALB
|7 0
|9 380262
|a MSLG
|b MSLG
|c BSC
|d 2024-05-20
|i 1478
|l 0
|o 658.314 5 ALB
|p 2420000001478
|r 2024-05-20 00:00:00
|t 1
|w 2024-05-20
|y BK15
|
| 952 |
|
|
|0 0
|1 0
|2 ddc
|3 τ. 2
|4 0
|6 658_314000000000000_5_ALB
|7 0
|9 388927
|a MSLG
|b MSLG
|c BSC
|d 2025-03-28
|i 231
|l 0
|o 658.314 5 ALB
|p 2420000000231
|r 2025-03-28 13:24:53
|t 1
|w 2025-03-28
|y BK15
|
| 952 |
|
|
|0 0
|1 0
|2 ddc
|3 τ. 2
|4 0
|6 658_314000000000000_5_ALB
|7 0
|9 388928
|a MSLG
|b MSLG
|c BSC
|d 2025-03-28
|i 1481
|l 0
|o 658.314 5 ALB
|p 2420000001481
|r 2025-03-28 13:24:53
|t 2
|w 2025-03-28
|y BK15
|
| 998 |
|
|
|c ΑΔΑΜΟΠΟΥΛΟΥ
|d 2025-03
|
| 999 |
|
|
|c 152610
|d 152610
|